El protestantismo y el mundo moderno (Registro nro. 3202)

Detalles MARC
000 -LEADER
fixed length control field 01010 a2200217 4500
001 - CONTROL NUMBER
control field 40360
005 - DATE AND TIME OF LATEST TRANSACTION
control field 20260407155657.0
008 - FIXED-LENGTH DATA ELEMENTS--GENERAL INFORMATION
fixed length control field 260407a1958 arg spa d
003 - CONTROL NUMBER IDENTIFIER
control field AR-UNSa-BCEJYS
040 ## - CATALOGING SOURCE
Original cataloging agency AR-UNSa-BCEJYS
Language of cataloging spa
Transcribing agency AR-UNSa-BCEJYS
080 ## - UNIVERSAL DECIMAL CLASSIFICATION NUMBER
Universal Decimal Classification number 283/289
Common auxiliary subdivision Iglesias católicas no romanas. Protestantismo
041 ## - LANGUAGE CODE
Language code of text/sound track or separate title spa
100 1# - MAIN ENTRY--PERSONAL NAME
Personal name Troeltsch, E.
245 10 - TITLE STATEMENT
Title El protestantismo y el mundo moderno
264 #1 - PRODUCTION, PUBLICATION, DISTRIBUTION, MANUFACTURE, AND COPYRIGHT NOTICE
Place of production, publication, distribution, manufacture México :
Name of producer, publisher, distributor, manufacturer Fondo de Cultura Económica
Date of production, publication, distribution, manufacture, or copyright notice 1958
300 ## - PHYSICAL DESCRIPTION
Extent 108 p.
Dimensions 17 p.
505 ## - FORMATTED CONTENTS NOTE
Formatted contents note 1. Notas sobre el libro y el autor - 2. Nota del autor - 3. Uno de los conceptos históricos generales ...... - 4. Tampoco el protestanismo deja de ser un concepto histórico .... - 5. Si las cosas son así, resulta obvio ... - 6. La primea circusntancia y que mayormente se destaca es que el protestantismo ... - 7. Hemos perseguido hasta ahora las influencia del protestsnismo en la familia ...-
590 ## - LOCAL NOTE (RLIN)
Local note niveau_biblio:m niveau_hierar:0
700 1# - ADDED ENTRY--PERSONAL NAME
Personal name Imaz, Eugenio
942 ## - ADDED ENTRY ELEMENTS (KOHA)
Koha item type
Existencias
Withdrawn status Lost status Damaged status Not for loan Home library Current library Shelving location Date acquired Total checkouts Full call number Barcode Date last seen Price effective from Koha item type
        Biblioteca Prof. Eusebio Cleto del Rey Biblioteca Prof. Eusebio Cleto del Rey   07/04/2026   283/289 T843 L20747 07/04/2026 07/04/2026 Libro